[Event "DEN-ch"]
[Site "Odense"]
[Date "1980.??.??"]
[Round "3"]
[White "Brinck Claussen, Bjorn"]
[Black "Sahl, Bjarke"]
[Result "0-1"]
[WhiteElo "2370"]
[BlackElo "2295"]
[PlyCount "76"]
[EventDate "1980.??.??"]
[EventType "tourn"]
[EventRounds "11"]
[EventCountry "DEN"]
[EventCategory "5"]
[Source "ChessBase"]
[SourceDate "1999.07.01"]

1. d4 d5 2. c4 c6 3. Nf3 Nf6 4. Nc3 dxc4 5. a4 Bg4 6. Ne5 Bh5 7. g3 e6 8. Bg2
a5 9. Nxc4 Na6 10. h3 Nb4 11. O-O Be7 12. g4 Bg6 13. e4 Nd7 14. f4 f6 15. Qe2
Nb6 16. Na3 O-O 17. Be3 f5 18. Rad1 fxe4 19. Nxe4 N4d5 20. Nc5 Qc8 21. Bc1 Bf7
22. Be4 Bd6 23. Bc2 Bxc5 24. dxc5 Nd7 25. Qe4 g6 26. Qd4 Qd8 27. Nc4 Qh4 28.
Rf3 e5 29. fxe5 Be6 30. Rdf1 Rxf3 31. Rxf3 Qe1+ 32. Rf1 Qg3+ 33. Kh1 Qxh3+ 34.
Kg1 Qg3+ 35. Kh1 Nb4 36. Be4 Qh3+ 37. Kg1 Qxg4+ 38. Kh2 Qe2+ 0-1

[Event "DEN-ch"]
[Site "Odense"]
[Date "1980.??.??"]
[Round "1"]
[White "Brondum, Eric"]
[Black "Sahl, Bjarke"]
[Result "1/2-1/2"]
[WhiteElo "2315"]
[BlackElo "2295"]
[PlyCount "50"]
[EventDate "1980.??.??"]
[EventType "tourn"]
[EventRounds "11"]
[EventCountry "DEN"]
[EventCategory "5"]
[Source "ChessBase"]
[SourceDate "1999.07.01"]

1. e4 c6 2. d4 d5 3. e5 Bf5 4. Nc3 e6 5. g4 Bg6 6. Nge2 h6 7. h4 a6 8. Be3 c5
9. f4 Ne7 10. dxc5 Nbc6 11. a3 h5 12. Bh3 hxg4 13. Bxg4 Bf5 14. Bxf5 Nxf5 15.
Bf2 d4 16. Ne4 Bxc5 17. Qd3 Qa5+ 18. Kf1 O-O-O 19. Rb1 Be7 20. b4 Qb5 21. Ng1
Qd5 22. Nf3 b5 23. Ke2 f6 24. exf6 gxf6 25. Rhg1 Rhg8 1/2-1/2

[Event "DEN-ch"]
[Site "Odense"]
[Date "1980.??.??"]
[Round "10"]
[White "Fedder, Steen"]
[Black "Sahl, Bjarke"]
[Result "1/2-1/2"]
[WhiteElo "2410"]
[BlackElo "2295"]
[PlyCount "26"]
[EventDate "1980.??.??"]
[EventType "tourn"]
[EventRounds "11"]
[EventCountry "DEN"]
[EventCategory "5"]
[Source "ChessBase"]
[SourceDate "1999.07.01"]

1. e4 c6 2. d4 d5 3. exd5 cxd5 4. c4 Nf6 5. Nc3 g6 6. Qb3 Bg7 7. cxd5 O-O 8.
Be2 Na6 9. Bf3 Qb6 10. Qxb6 axb6 11. Nge2 Nb4 12. O-O Rd8 13. Bg5 Nbxd5 1/2-1/2

[Event "DEN-ch"]
[Site "Odense"]
[Date "1980.??.??"]
[Round "7"]
[White "Jakobsen, Ole"]
[Black "Nielsen, Jorgen G"]
[Result "1-0"]
[WhiteElo "2410"]
[BlackElo "2200"]
[PlyCount "59"]
[EventDate "1980.??.??"]
[EventType "tourn"]
[EventRounds "11"]
[EventCountry "DEN"]
[EventCategory "5"]
[Source "ChessBase"]
[SourceDate "1999.07.01"]

1. d4 Nf6 2. c4 e6 3. Nf3 d5 4. Nc3 c5 5. cxd5 Nxd5 6. e3 cxd4 7. exd4 Be7 8.
Bd3 Nc6 9. O-O O-O 10. Re1 Re8 11. a3 g6 12. Bc4 Nxc3 13. bxc3 Bf6 14. Bh6 Bd7
15. Qd2 Ne7 16. Ne5 Nf5 17. Bf4 Rc8 18. Ba2 Bc6 19. Ng4 Bg7 20. Bg5 Qd6 21.
Nf6+ Bxf6 22. Bxf6 Bd5 23. g4 Ng7 24. Qh6 Qf8 25. Re3 Bxa2 26. Rxa2 e5 27. Rh3
Nh5 28. Qxf8+ Kxf8 29. gxh5 exd4 30. Bxd4 1-0

[Event "DEN-ch"]
[Site "Odense"]
[Date "1980.??.??"]
[Round "2"]
[White "Mortensen, Erling"]
[Black "Nielsen, Jorgen G"]
[Result "1/2-1/2"]
[WhiteElo "2400"]
[BlackElo "2200"]
[PlyCount "60"]
[EventDate "1980.??.??"]
[EventType "tourn"]
[EventRounds "11"]
[EventCountry "DEN"]
[EventCategory "5"]
[Source "ChessBase"]
[SourceDate "1999.07.01"]

1. c4 e5 2. Nc3 Nf6 3. Nf3 e4 4. Ng5 b5 5. d3 exd3 6. cxb5 dxe2 7. Bxe2 Bb7 8.
O-O Be7 9. Bf3 d5 10. Nh3 a6 11. Nf4 axb5 12. Nfxd5 Nxd5 13. Nxd5 Bxd5 14. Bxd5
c6 15. Bb3 Qxd1 16. Rxd1 O-O 17. Be3 c5 18. Bd5 Ra6 19. b3 Nc6 20. Rd2 Rd8 21.
Re1 Nb4 22. Bb7 Rad6 23. Rde2 Rd1 24. Kf1 Rxe1+ 25. Kxe1 Bf6 26. f3 g6 27. Be4
c4 28. bxc4 bxc4 29. Bc5 Bc3+ 30. Kf1 f5 1/2-1/2

[Event "DEN-ch"]
[Site "Odense"]
[Date "1980.??.??"]
[Round "4"]
[White "Nielsen, Jorgen G"]
[Black "Fedder, Steen"]
[Result "1/2-1/2"]
[WhiteElo "2200"]
[BlackElo "2410"]
[PlyCount "37"]
[EventDate "1980.??.??"]
[EventType "tourn"]
[EventRounds "11"]
[EventCountry "DEN"]
[EventCategory "5"]
[Source "ChessBase"]
[SourceDate "1999.07.01"]

1. e4 c5 2. Nf3 d6 3. d3 g6 4. c3 Nf6 5. Nbd2 Bg7 6. a4 O-O 7. g3 Nc6 8. Bg2
Bd7 9. O-O a6 10. Nc4 b5 11. axb5 axb5 12. Rxa8 Qxa8 13. Nb6 Qa2 14. Nxd7 Nxd7
15. d4 b4 16. dxc5 Nxc5 17. Qd5 Qa4 18. Nd4 Nxd4 19. cxd4 1/2-1/2

[Event "DEN-ch"]
[Site "Odense"]
[Date "1980.??.??"]
[Round "8"]
[White "Nielsen, Jorgen G"]
[Black "Brinck Claussen, Bjorn"]
[Result "1/2-1/2"]
[WhiteElo "2200"]
[BlackElo "2370"]
[PlyCount "82"]
[EventDate "1980.??.??"]
[EventType "tourn"]
[EventRounds "11"]
[EventCountry "DEN"]
[EventCategory "5"]
[Source "ChessBase"]
[SourceDate "1999.07.01"]

1. e4 e6 2. d3 c5 3. g3 Nc6 4. Bg2 g6 5. f4 Bg7 6. Nf3 Nge7 7. O-O O-O 8. Nbd2
d5 9. e5 Nf5 10. Re1 b6 11. g4 Nfd4 12. c3 Nxf3+ 13. Nxf3 a5 14. Be3 f5 15.
exf6 Bxf6 16. Bf2 Ra7 17. Bg3 b5 18. Re2 d4 19. Rc1 dxc3 20. bxc3 Rd7 21. Ne1
Rd6 22. Qb3 Qb6 23. Bf2 Be7 24. a4 Na7 25. Re5 Rxf4 26. Bxc5 Qc7 27. axb5 Rb6
28. Bxb6 Qxb6+ 29. d4 Rxg4 30. Qd1 Rf4 31. Qe2 Bf6 32. Rc5 Rxd4 33. cxd4 Bxd4+
34. Kh1 Bxc5 35. Nd3 Be3 36. Re1 Bd4 37. Ne5 Qxb5 38. Qxb5 Nxb5 39. Nc6 Bf6 40.
Rb1 Nd6 41. Rb8 Kf7 1/2-1/2

[Event "DEN-ch"]
[Site "Odense"]
[Date "1980.??.??"]
[Round "10"]
[White "Nielsen, Jorgen G"]
[Black "Kristiansen, Jens"]
[Result "0-1"]
[WhiteElo "2200"]
[BlackElo "2430"]
[PlyCount "146"]
[EventDate "1980.??.??"]
[EventType "tourn"]
[EventRounds "11"]
[EventCountry "DEN"]
[EventCategory "5"]
[Source "ChessBase"]
[SourceDate "1999.07.01"]

1. d4 Nf6 2. c4 e6 3. Nc3 Bb4 4. e3 c5 5. Nge2 cxd4 6. exd4 O-O 7. a3 Bxc3+ 8.
Nxc3 d5 9. Bg5 dxc4 10. Bxc4 h6 11. Be3 Nbd7 12. O-O Nb6 13. Bb3 Bd7 14. Bf4
Bc6 15. Re1 Nfd5 16. Nxd5 Nxd5 17. Bg3 Qb6 18. Be5 f6 19. Bg3 Rfe8 20. Qd3 Rad8
21. Bc2 f5 22. b4 Bb5 23. Qd2 Bc4 24. Be5 Qc6 25. a4 Rf8 26. Rec1 a6 27. b5
axb5 28. axb5 Qd7 29. Ba4 Bxb5 30. Bb3 Bc6 31. Qd3 Qe7 32. f3 Rc8 33. Ra7 Qd7
34. Re1 Ra8 35. Rxa8 Rxa8 36. g4 Rf8 37. gxf5 Rxf5 38. Kf2 Qf7 39. Rg1 Rg5 40.
Bc2 Rxg1 41. Qh7+ Kf8 42. Kxg1 Nf6 43. Bd6+ Ke8 44. Qh8+ Kd7 45. Qf8 Qxf8 46.
Bxf8 Nh5 47. Bg6 Nf4 48. Bf7 Bxf3 49. Bxg7 h5 50. Kf2 Bd1 51. Bh6 Nd5 52. Bg6
Ne7 53. Be4 b5 54. h3 Nf5 55. Bxf5 exf5 56. Bf8 Ke6 57. Ke3 Bb3 58. Kf4 Kf6 59.
Bb4 Bd5 60. Bc3 Ke6 61. Kg5 Bf3 62. Kf4 Bg2 63. Kg5 Bxh3 64. Kxh5 f4 65. Kh4
Bf5 66. Bd2 f3 67. Kg3 Be4 68. Kf2 Kd5 69. Ke3 Kc4 70. Be1 b4 71. Kd2 b3 72.
Kc1 Kd3 73. Kb2 Bd5 0-1

[Event "DEN-ch"]
[Site "Odense"]
[Date "1980.??.??"]
[Round "3"]
[White "Nielsen, Jorgen G"]
[Black "Pedersen, Erik"]
[Result "1/2-1/2"]
[WhiteElo "2200"]
[BlackElo "2315"]
[PlyCount "32"]
[EventDate "1980.??.??"]
[EventType "tourn"]
[EventRounds "11"]
[EventCountry "DEN"]
[EventCategory "5"]
[Source "ChessBase"]
[SourceDate "1999.07.01"]

1. e4 c6 2. d4 d5 3. e5 Bf5 4. Nc3 e6 5. g4 Bg6 6. Nge2 c5 7. h4 h5 8. Nf4 Bh7
9. Nxh5 cxd4 10. Qxd4 Nc6 11. Bb5 Qd7 12. Be3 Bxc2 13. Qd2 Bg6 14. Nf4 Bh7 15.
Nfe2 Bb4 16. a3 Ba5 1/2-1/2

[Event "DEN-ch"]
[Site "Odense"]
[Date "1980.??.??"]
[Round "6"]
[White "Nielsen, Jorgen G"]
[Black "Brondum, Eric"]
[Result "1/2-1/2"]
[WhiteElo "2200"]
[BlackElo "2315"]
[PlyCount "25"]
[EventDate "1980.??.??"]
[EventType "tourn"]
[EventRounds "11"]
[EventCountry "DEN"]
[EventCategory "5"]
[Source "ChessBase"]
[SourceDate "1999.07.01"]

1. e4 c5 2. Nf3 Nf6 3. e5 Nd5 4. Nc3 e6 5. Nxd5 exd5 6. d4 Nc6 7. c3 cxd4 8.
Nxd4 Nxe5 9. Bb5 Bc5 10. Bf4 Ng6 11. Qe2+ Qe7 12. Be3 Bxd4 13. Bxd4 1/2-1/2

[Event "DEN-ch"]
[Site "Odense"]
[Date "1980.??.??"]
[Round "5"]
[White "Ost Hansen, Jacob"]
[Black "Nielsen, Jorgen G"]
[Result "1-0"]
[WhiteElo "2395"]
[BlackElo "2200"]
[PlyCount "71"]
[EventDate "1980.??.??"]
[EventType "tourn"]
[EventRounds "11"]
[EventCountry "DEN"]
[EventCategory "5"]
[Source "ChessBase"]
[SourceDate "1999.07.01"]

1. g3 e5 2. c4 c6 3. d4 exd4 4. Qxd4 d5 5. Bg2 dxc4 6. Qxc4 Be6 7. Qc2 Qc8 8.
Nd2 Nf6 9. b3 Be7 10. Bb2 O-O 11. Ngf3 Bf5 12. e4 Bh3 13. O-O Bxg2 14. Kxg2 Na6
15. a3 Rd8 16. Rad1 b6 17. Ne5 c5 18. Ndf3 Rf8 19. Nh4 Qb7 20. Nf5 Rfe8 21. f3
Bf8 22. Nc4 Re6 23. Rd2 Nc7 24. Rfd1 Nce8 25. a4 g6 26. Nfe3 a6 27. Nd5 b5 28.
Nce3 Nxd5 29. Nxd5 Bg7 30. Bxg7 Kxg7 31. Qxc5 Nf6 32. Nxf6 Kxf6 33. Rd7 Qc6 34.
Qd4+ Kg5 35. Rxf7 Rf6 36. Qe3+ 1-0

[Event "DEN-ch"]
[Site "Odense"]
[Date "1980.??.??"]
[Round "4"]
[White "Pedersen, Erik"]
[Black "Sahl, Bjarke"]
[Result "1/2-1/2"]
[WhiteElo "2315"]
[BlackElo "2295"]
[PlyCount "60"]
[EventDate "1980.??.??"]
[EventType "tourn"]
[EventRounds "11"]
[EventCountry "DEN"]
[EventCategory "5"]
[Source "ChessBase"]
[SourceDate "1999.07.01"]

1. c4 g6 2. g3 Bg7 3. Bg2 d6 4. Nc3 Nd7 5. Nf3 e5 6. O-O Ne7 7. d3 O-O 8. Rb1
f5 9. Qc2 h6 10. b4 g5 11. Bb2 Nf6 12. Nd2 a6 13. a4 Qe8 14. b5 Qh5 15. Nd5
Nexd5 16. cxd5 Rf7 17. b6 f4 18. Ne4 Nxe4 19. dxe4 cxb6 20. f3 fxg3 21. hxg3
Bd7 22. Qc7 Qg6 23. Qxb7 Raf8 24. Qxb6 g4 25. Ba3 Rf6 26. Qe3 gxf3 27. Rxf3
Bxa4 28. Rxf6 Rxf6 29. Bh3 Bb5 30. Rc1 Bf8 1/2-1/2

[Event "DEN-ch"]
[Site "Odense"]
[Date "1980.??.??"]
[Round "11"]
[White "Rodgaard, John"]
[Black "Nielsen, Jorgen G"]
[Result "1-0"]
[WhiteElo "2335"]
[BlackElo "2200"]
[PlyCount "77"]
[EventDate "1980.??.??"]
[EventType "tourn"]
[EventRounds "11"]
[EventCountry "DEN"]
[EventCategory "5"]
[Source "ChessBase"]
[SourceDate "1999.07.01"]

1. c4 Nf6 2. Nc3 e6 3. Nf3 d5 4. d4 c5 5. cxd5 Nxd5 6. e4 Nxc3 7. bxc3 cxd4 8.
cxd4 Nc6 9. Be2 Bb4+ 10. Bd2 Qa5 11. Bxb4 Qxb4+ 12. Qd2 Ke7 13. Qxb4+ Nxb4 14.
Kd2 Rd8 15. Rhc1 f6 16. Rc7+ Rd7 17. Rxd7+ Kxd7 18. Bb5+ Kd8 19. Rb1 Nc6 20.
Bxc6 bxc6 21. Ne1 Kc7 22. Nd3 Rb8 23. Rxb8 Kxb8 24. Kc3 Kc7 25. Nf4 g6 26. e5
fxe5 27. dxe5 c5 28. h4 Kc6 29. g4 Ba6 30. Nxg6 Kd5 31. h5 Ke4 32. h6 Be2 33.
g5 Bh5 34. Ne7 Kxe5 35. g6 Bxg6 36. Nxg6+ Kf6 37. Nf8 e5 38. Nxh7+ Kg6 39. Ng5
1-0

[Event "DEN-ch"]
[Site "Odense"]
[Date "1980.??.??"]
[Round "6"]
[White "Rodgaard, John"]
[Black "Sahl, Bjarke"]
[Result "0-1"]
[WhiteElo "2335"]
[BlackElo "2295"]
[PlyCount "74"]
[EventDate "1980.??.??"]
[EventType "tourn"]
[EventRounds "11"]
[EventCountry "DEN"]
[EventCategory "5"]
[Source "ChessBase"]
[SourceDate "1999.07.01"]

1. e4 c6 2. d4 d5 3. exd5 cxd5 4. Bd3 Nc6 5. c3 Nf6 6. h3 e5 7. dxe5 Nxe5 8.
Be2 Bd6 9. Nd2 Qe7 10. Ndf3 Nc6 11. Be3 O-O 12. Nd4 Ne4 13. Qd3 Ne5 14. Qb5 Nc5
15. b4 a6 16. Qa5 Ncd3+ 17. Bxd3 Nxd3+ 18. Kf1 Be6 19. Nge2 Rac8 20. Qa3 Qf6
21. Rd1 Bf5 22. Nxf5 Qxf5 23. Qb3 Rfe8 24. Nd4 Qe4 25. Qc2 Nf4 26. Bxf4 Qxf4
27. Qd3 Be5 28. Ne2 Qf6 29. Rc1 Bf4 30. Rc2 Be3 31. Ng3 g6 32. h4 Qf4 33. Rh3
Bb6 34. Nh1 Re4 35. Qxd5 Rd8 36. g3 Qf3 37. Qxe4 Qxe4 0-1

[Event "DEN-ch"]
[Site "Odense"]
[Date "1980.??.??"]
[Round "11"]
[White "Sahl, Bjarke"]
[Black "Ost Hansen, Jacob"]
[Result "1-0"]
[WhiteElo "2295"]
[BlackElo "2395"]
[PlyCount "70"]
[EventDate "1980.??.??"]
[EventType "tourn"]
[EventRounds "11"]
[EventCountry "DEN"]
[EventCategory "5"]
[Source "ChessBase"]
[SourceDate "1999.07.01"]

1. d4 Nf6 2. c4 e6 3. Nc3 d5 4. Nf3 Nbd7 5. Bg5 c6 6. cxd5 exd5 7. e3 Be7 8.
Bd3 O-O 9. Qc2 Re8 10. O-O Nf8 11. Rae1 Nh5 12. Bxe7 Rxe7 13. b4 a6 14. a4 Rc7
15. Rb1 Bg4 16. Ne5 Be6 17. Rfc1 Rac8 18. Qb2 f6 19. Nf3 Bg4 20. Nd2 Ng6 21. h3
Be6 22. Be2 Nhf4 23. exf4 Nxf4 24. Bf1 g5 25. Re1 Bf5 26. Ra1 Rg7 27. Re3 Qb6
28. Ne2 Kh8 29. Qc3 h5 30. Re1 Qd8 31. Nxf4 gxf4 32. R3e2 Qd7 33. Qf3 Rcg8 34.
Qxf4 Kh7 35. Re3 Bxh3 1-0

[Event "DEN-ch"]
[Site "Odense"]
[Date "1980.??.??"]
[Round "7"]
[White "Sahl, Bjarke"]
[Black "Hoi, Carsten"]
[Result "1/2-1/2"]
[WhiteElo "2295"]
[BlackElo "2410"]
[PlyCount "80"]
[EventDate "1980.??.??"]
[EventType "tourn"]
[EventRounds "11"]
[EventCountry "DEN"]
[EventCategory "5"]
[Source "ChessBase"]
[SourceDate "1999.07.01"]

1. Nf3 g6 2. d4 Bg7 3. c3 Nf6 4. Bg5 O-O 5. Nbd2 d5 6. h3 c6 7. e3 Bf5 8. Be2
Qb6 9. Qb3 Nbd7 10. O-O Rfe8 11. Bf4 Ne4 12. Nxe4 Bxe4 13. Qxb6 axb6 14. Nd2
Bf5 15. g4 Be6 16. a3 b5 17. f3 Nb6 18. Bd3 Nc4 19. Nxc4 bxc4 20. Bc2 Bd7 21.
e4 f6 22. Rad1 e5 23. Be3 Be6 24. Rfe1 Bf7 25. f4 exf4 26. Bxf4 dxe4 27. Bxe4
Bd5 28. Bc2 Kf7 29. Kf2 Rxe1 30. Rxe1 Re8 31. Rxe8 Kxe8 32. h4 Kf7 33. g5 Ke6
34. Kg3 f5 35. Bb8 Be4 36. Bd1 Kd5 37. Kf4 Bf8 38. b4 Be7 39. Bc7 Bf8 40. Ke3
Ke6 1/2-1/2

[Event "DEN-ch"]
[Site "Odense"]
[Date "1980.??.??"]
[Round "2"]
[White "Sahl, Bjarke"]
[Black "Jakobsen, Ole"]
[Result "0-1"]
[WhiteElo "2295"]
[BlackElo "2410"]
[PlyCount "78"]
[EventDate "1980.??.??"]
[EventType "tourn"]
[EventRounds "11"]
[EventCountry "DEN"]
[EventCategory "5"]
[Source "ChessBase"]
[SourceDate "1999.07.01"]

1. Nf3 Nf6 2. b3 g6 3. Bb2 Bg7 4. g3 O-O 5. Bg2 c5 6. c4 Nc6 7. O-O d6 8. Nc3
e5 9. Ne1 Be6 10. d3 d5 11. cxd5 Nxd5 12. Rc1 b6 13. Nc2 Rc8 14. Nxd5 Bxd5 15.
Bh3 f5 16. Ne3 Bf7 17. Nc4 Rc7 18. Bg2 Qe7 19. Bc3 Rd8 20. Qc2 Nd4 21. Qb2 Bd5
22. Rcd1 Bxg2 23. Kxg2 b5 24. Bxd4 exd4 25. Na3 a6 26. Rc1 Bf8 27. Nb1 Rc6 28.
Rc2 Re6 29. f3 Re8 30. Rf2 Bh6 31. a3 Be3 32. Rf1 f4 33. b4 Re5 34. bxc5 Rh5
35. c6 Qg5 36. g4 Rxh2+ 37. Kxh2 Qh4+ 38. Kg2 Qg3+ 39. Kh1 Qh3# 0-1

[Event "DEN-ch"]
[Site "Odense"]
[Date "1980.??.??"]
[Round "9"]
[White "Sahl, Bjarke"]
[Black "Nielsen, Jorgen G"]
[Result "0-1"]
[WhiteElo "2295"]
[BlackElo "2200"]
[PlyCount "68"]
[EventDate "1980.??.??"]
[EventType "tourn"]
[EventRounds "11"]
[EventCountry "DEN"]
[EventCategory "5"]
[Source "ChessBase"]
[SourceDate "1999.07.01"]

1. Nf3 d5 2. b3 c5 3. e3 Nc6 4. Bb2 e6 5. Bb5 Nge7 6. O-O a6 7. Be2 d4 8. b4
Ng6 9. bxc5 Bxc5 10. exd4 Nxd4 11. Nxd4 Bxd4 12. c3 Bc5 13. d4 Bd6 14. Nd2 O-O
15. g3 b5 16. a4 Bd7 17. Bf3 Rc8 18. axb5 axb5 19. Ra6 Bc7 20. Ne4 e5 21. Nc5
Bh3 22. Re1 Bb6 23. Nb7 Qc7 24. Ba3 exd4 25. Bd6 Qxc3 26. Ra3 Qc2 27. Qxc2 Rxc2
28. Bxf8 Nxf8 29. Rd3 Ne6 30. Bd1 Rc1 31. Nd6 h5 32. f3 Nc5 33. Rd2 d3 34. Nc8
Ba5 0-1